[Event "SVK-chT2A 0809"]
[Site "Slovakia"]
[Date "2008.10.12"]
[Round "2.5"]
[White "Synak, Jan"]
[Black "Flak, Juraj"]
[Result "0-1"]
[WhiteElo "1964"]
[BlackElo "2061"]
[PlyCount "102"]
[EventDate "2008.10.11"]
[EventType "team-tourn"]
[EventRounds "11"]
[EventCountry "SVK"]
[SourceTitle "EXT 2010"]
[Source "ChessBase"]
[SourceDate "2010.11.25"]
[SourceVersion "1"]
[SourceVersionDate "2010.11.25"]
[SourceQuality "1"]
[WhiteTeam "Hlohovec SK Zentiva II"]
[BlackTeam "Bratislava Doprastav III"]
[WhiteTeamCountry "SVK"]
[BlackTeamCountry "SVK"]

1. c4 Nf6 2. d4 d6 3. Nf3 g6 4. b3 Bg7 5. Bb2 0-0 6. Nbd2 c5 7. e4 e6 8. Bd3 b6 9. 0-0 Bb7 10. Re1 Qc7 11. Qe2 Nc6 12. e5 dxe5 13. dxe5 Nd7 14. Rad1 Rad8 15. Bb1 Rfe8 16. h4 h5 17. Qe3 a6 18. Kh1 Ne7 19. Ng5 Nf8 20. f4 Nf5 21. Qf2 Bh6 22. Be4 Bxg5 23. hxg5 Bxe4 24. Nxe4 Rxd1 25. Rxd1 Rd8 26. Rxd8 Qxd8 27. Qe2 Nh7 28. Bc3 a5 29. a3 Kf8 30. b4 axb4 31. axb4 Qa8 32. Kh2 Qa3 33. Qd2 Qb3 34. Nf6 Nxf6 35. exf6 Ke8 36. bxc5 bxc5 37. Ba5 Nd4 38. Qc3 Kd7 39. g3 Qxc3 40. Bxc3 Nc2 41. Kg2 Ne3+ 42. Kf3 Nxc4 43. Ke4 Kc6 44. Be1 Nd6+ 45. Ke5 Nf5 46. Ke4 c4 47. Ke5 Kc5 48. Bd2 Nxg3 49. Bb4+ Kxb4 50. Kd6 Nf5+ 51. Kd7 Kc5 0-1

[Event "SVK-chT3A2 0607"]
[Site "Slovakia"]
[Date "2007.02.11"]
[Round "8"]
[White "Synak, Jan"]
[Black "Vegh, Vince"]
[Result "1/2-1/2"]
[WhiteElo "1802"]
[BlackElo "1846"]
[PlyCount "26"]
[EventDate "2006.10.08"]
[EventType "team-tourn"]
[EventRounds "11"]
[EventCountry "SVK"]
[SourceTitle "EXT 2008"]
[Source "ChessBase"]
[SourceDate "2007.11.25"]
[SourceVersion "1"]
[SourceVersionDate "2007.11.25"]
[SourceQuality "1"]
[WhiteTeam "Hlohovec Junior"]
[BlackTeam "Velky Meder"]
[WhiteTeamCountry "SVK"]
[BlackTeamCountry "SVK"]

1. Nf3 Nf6 2. c4 e6 3. g3 b6 4. Bg2 Bb7 5. 0-0 g6 6. b3 Bg7 7. Bb2 0-0 8. Nc3 c5 9. Rc1 d5 10. cxd5 Nxd5 11. d4 cxd4 12. Nxd5 Qxd5 13. Bxd4 Bxd4 1/2-1/2

[Event "SVK-chT3A2 0607"]
[Site "Slovakia"]
[Date "2006.10.08"]
[Round "1"]
[White "Kocak, Branislav"]
[Black "Synak, Jan"]
[Result "1/2-1/2"]
[WhiteElo "1774"]
[BlackElo "1802"]
[PlyCount "151"]
[EventDate "2006.10.08"]
[EventType "team-tourn"]
[EventRounds "11"]
[EventCountry "SVK"]
[SourceTitle "EXT 2008"]
[Source "ChessBase"]
[SourceDate "2007.11.25"]
[SourceVersion "1"]
[SourceVersionDate "2007.11.25"]
[SourceQuality "1"]
[WhiteTeam "Gbely"]
[BlackTeam "Hlohovec Junior"]
[WhiteTeamCountry "SVK"]
[BlackTeamCountry "SVK"]

1. d4 Nf6 2. c4 e6 3. Nc3 d5 4. Nf3 Be7 5. e3 Nbd7 6. Bd3 dxc4 7. Bxc4 0-0 8. 0-0 b6 9. Re1 Bb7 10. e4 c5 11. d5 exd5 12. exd5 Bd6 13. Bg5 Qb8 14. h3 h6 15. Bxf6 Nxf6 16. Qc2 a6 17. a4 Re8 18. Rad1 Qc8 19. Rxe8+ Qxe8 20. Re1 Qd7 21. Qd1 Re8 22. Rxe8+ Qxe8 23. Qd3 Qc8 24. Qe2 Qa8 25. Ne4 Nxe4 26. Qxe4 b5 27. axb5 axb5 28. Bxb5 Bxd5 29. Qe8+ Qxe8 30. Bxe8 Kf8 31. Bb5 Ke7 32. Kf1 Bf4 33. Ne1 Kd6 34. Nc2 Bb3 35. Na3 Kd5 36. Be8 Kd4 37. Ke2 Bc1 38. Nb5+ Ke5 39. g3 Bxb2 40. f4+ Ke6 41. Kd2 Ke7 42. Bc6 f6 43. Nc3 Kd6 44. Be8 Be6 45. h4 Bf5 46. Bh5 c4 47. Bf3 Bd3 48. Bg4 Ba1 49. Bf3 Kc5 50. Bd1 Kb4 51. Nd5+ Ka3 52. Nc3 Kb4 53. Nd5+ Kc5 54. Nc3 Kd6 55. Bf3 Ke6 56. Bg4+ f5 57. Bf3 Bb2 58. Bd5+ Kf6 59. Bf3 Ba3 60. Nd5+ Kf7 61. g4 Ke6 62. g5 Be4 63. Nc7+ Kd7 64. Bxe4 fxe4 65. Nd5 Ke6 66. Ne3 Bb4+ 67. Kc2 c3 68. f5+ Kf7 69. Nd5 hxg5 70. hxg5 Ba5 71. Nxc3 e3 72. Ne2 Bd8 73. f6 Bxf6 74. gxf6 Kxf6 75. Kd3 Kf5 76. Kxe3 1/2-1/2

[Event "SVK-chT1W 0304"]
[Site "Slovakia"]
[Date "2004.??.??"]
[Round "9"]
[White "Synak, Jan"]
[Black "Krchnak, Rudolf"]
[Result "1-0"]
[WhiteElo "1755"]
[BlackElo "1805"]
[PlyCount "80"]
[EventDate "2003.10.??"]
[EventType "team"]
[EventRounds "9"]
[EventCountry "SVK"]
[SourceTitle "EXT 2007"]
[Source "ChessBase"]
[SourceDate "2006.11.23"]
[SourceVersion "1"]
[SourceVersionDate "2006.11.23"]
[SourceQuality "1"]

1. e4 c5 2. Nf3 d6 3. d4 cxd4 4. Nxd4 Nf6 5. Nc3 a6 6. Be2 e5 7. Nb3 Be6 8. Bg5 Be7 9. Bxf6 Bxf6 10. 0-0 0-0 11. a4 Nc6 12. Nd5 Bxd5 13. Qxd5 Qc7 14. Rad1 Rad8 15. c4 Qb6 16. Qd3 Qb4 17. Ra1 Na5 18. Nxa5 Qxa5 19. Bg4 Be7 20. Rfd1 g6 21. b3 b6 22. g3 Kg7 23. h4 h5 24. Bh3 Qc5 25. Qc2 a5 26. Rd5 Qc7 27. Kg2 Rb8 28. Rad1 Rb7 29. Qd3 Rd8 30. Kh2 Rbb8 31. Kg2 Rb7 32. f4 exf4 33. e5 Qc6 34. Kg1 fxg3 35. Qxg3 Rbb8 36. exd6 Bf6 37. Rf1 Rxd6 38. Qxd6 Qxd6 39. Rxd6 Bxh4 40. Rd7 Bf6 1-0

[Event "SVK-chT1W 0203"]
[Site "Slovakia"]
[Date "2003.03.15"]
[Round "10.7"]
[White "Synak, Jan"]
[Black "Vach, Jozef"]
[Result "1-0"]
[WhiteElo "1738"]
[BlackElo "1860"]
[PlyCount "85"]
[EventDate "2002.10.12"]
[EventType "team-tourn"]
[EventRounds "11"]
[EventCountry "SVK"]
[SourceTitle "EXT 2005"]
[Source "ChessBase"]
[SourceDate "2004.11.15"]
[SourceVersion "1"]
[SourceVersionDate "2004.11.15"]
[SourceQuality "1"]
[WhiteTeam "Hlohovec"]
[BlackTeam "Holic"]
[WhiteTeamCountry "SVK"]
[BlackTeamCountry "SVK"]

1. e4 e5 2. Nf3 Nc6 3. Bb5 a6 4. Ba4 Nf6 5. 0-0 Be7 6. Re1 b5 7. Bb3 d6 8. h3 Na5 9. d4 Nxb3 10. axb3 Bb7 11. d5 Nd7 12. c4 c6 13. Nc3 b4 14. Na4 cxd5 15. cxd5 Rc8 16. Be3 0-0 17. g4 g6 18. Bh6 Re8 19. Qd2 a5 20. Rac1 Ba6 21. Rxc8 Qxc8 22. Rc1 Qb7 23. Rc6 Bb5 24. Qc1 Bxa4 25. bxa4 Nc5 26. Qc2 f6 27. Be3 Rc8 28. Qc4 Kg7 29. Bxc5 Rxc6 30. dxc6 Qxc6 31. Qe6 Kf8 32. Be3 Qxe4 33. Nd2 Qc6 34. b3 g5 35. Kh2 Qc2 36. Qc4 Qxc4 37. Nxc4 d5 38. Nxa5 d4 39. Bd2 Kf7 40. Nc6 Bc5 41. a5 Ke6 42. a6 Kd5 43. a7 1-0